Auditing And Assurance Services : (Record no. 10294)
[ view plain ]
| 000 -LEADER | |
|---|---|
| fixed length control field | 00927nac a22002531u 4500 |
| 090 ## - LOCALLY ASSIGNED LC-TYPE CALL NUMBER (OCLC); LOCAL CALL NUMBER (OCLC) | |
| -- | 10294 |
| 008 - FIXED-LENGTH DATA ELEMENTS--GENERAL INFORMATION | |
| fixed length control field | 081116t2008 xxu||||| |||| 00| 0 eng d |
| 020 ## - INTERNATIONAL STANDARD BOOK NUMBER | |
| International Standard Book Number | 9780136128274 (pbk.) |
| 020 ## - INTERNATIONAL STANDARD BOOK NUMBER | |
| International Standard Book Number | 0136128270(pbk.) |
| 020 ## - INTERNATIONAL STANDARD BOOK NUMBER | |
| International Standard Book Number | 0136128351 (CD- Rom) |
| 020 ## - INTERNATIONAL STANDARD BOOK NUMBER | |
| International Standard Book Number | 9780136128359 (CD- Rom) |
| 082 ## - DEWEY DECIMAL CLASSIFICATION NUMBER | |
| Classification number | 657.45 |
| Item number | ARE |
| 100 ## - MAIN ENTRY--PERSONAL NAME | |
| Personal name | Arens, Alvin A. |
| 9 (RLIN) | 1181 |
| 245 ## - TITLE STATEMENT | |
| Title | Auditing And Assurance Services : |
| Remainder of title | An Integrated Approach / |
| Statement of responsibility, etc | Alvin A. Arens, Randal J. Elder, Mark S. Beasley with Web content provided by J. Gregory Jenkins. |
| 250 ## - EDITION STATEMENT | |
| Edition statement | 12th ed. |
| 260 ## - PUBLICATION, DISTRIBUTION, ETC. (IMPRINT) | |
| Place of publication, distribution, etc | Upper Saddle River, N.J. : |
| Name of publisher, distributor, etc | Pearson Education International/ Prentice Hall, |
| Date of publication, distribution, etc | c2008. |
| 260 ## - PUBLICATION, DISTRIBUTION, ETC. (IMPRINT) | |
| Name of publisher, distributor, etc | Distributer :Bacca |
| 300 ## - PHYSICAL DESCRIPTION | |
| Extent | xvii, 872 p. : |
| Other physical details | ill. ; |
| Dimensions | 28 cm. + |
| Accompanying material | 1 CD-ROM (4 3/4 in.) |
| 500 ## - GENERAL NOTE | |
| General note | Includes index. |
| 650 ## - SUBJECT ADDED ENTRY--TOPICAL TERM | |
| Topical term or geographic name as entry element | Auditing. |
| 9 (RLIN) | 1182 |
| 700 01 - ADDED ENTRY--PERSONAL NAME | |
| Personal name | Elder, Randal J. |
| 9 (RLIN) | 1184 |
| 700 01 - ADDED ENTRY--PERSONAL NAME | |
| Personal name | Beasley, Mark S. |
| 9 (RLIN) | 1183 |
| 942 ## - ADDED ENTRY ELEMENTS (KOHA) | |
| Item type | Book - Borrowing |
| Call number prefix | 657.45ARE |
| Source of classification or shelving scheme | Dewey Decimal Classification |
| Withdrawn status | Item status | Source of classification or shelving scheme | Damaged status | Not for loan | Vendor | Home library | Current library | Shelving location | Date acquired | Source of acquisition | Total Checkouts | Total Renewals | Full call number | Barcode | Date last seen | Date last borrowed | Koha item type |
|---|---|---|---|---|---|---|---|---|---|---|---|---|---|---|---|---|---|
| Dewey Decimal Classification | Central Library | Central Library | First floor | 16/11/2008 | 6 | 18 | 657.45 ARE | 000014210 | 08/04/2026 | 05/12/2011 | Book - Borrowing | ||||||
| Dewey Decimal Classification | Central Library | Central Library | First floor | 16/11/2008 | 9 | 82 | 657.45 ARE | 000014211 | 08/04/2026 | 23/09/2019 | Book - Borrowing | ||||||
| Dewey Decimal Classification | Central Library | Central Library | First floor | 16/11/2008 | 657.45 ARE | 000014212 | 08/04/2026 | NB - Book (Non borrowing) | |||||||||
| Dewey Decimal Classification | Central Library | Central Library | First floor | 16/11/2008 | 1 | 657.45 ARE | 000014213 | 24/08/2022 | 26/11/2013 | CD | DVD - With book (NB) | |||||||
| Dewey Decimal Classification | Central Library | Central Library | First floor | 16/11/2008 | 657.45 ARE | 000014214 | 24/08/2022 | CD | DVD - With book | |||||||||
| Dewey Decimal Classification | Central Library | Central Library | First floor | 16/11/2008 | 1 | 14 | 657.45 ARE | 000014215 | 24/08/2022 | 05/01/2014 | CD | DVD - With book |